[Event "EU-ch Seniors 50 21st"]
[Site "Lublin"]
[Date "2022.07.06"]
[Round "2"]
[White "Puroila, Sippo"]
[Black "Lilja, Richard"]
[Result "1/2-1/2"]
[WhiteElo "1803"]
[BlackElo "2131"]
[PlyCount "98"]
[EventDate "2022.07.05"]
[EventType "swiss"]
[EventRounds "9"]
[EventCountry "POL"]
[SourceTitle "CBM 209 Extra"]
[Source "ChessBase"]
[SourceDate "2022.09.30"]
[SourceVersion "1"]
[SourceVersionDate "2022.09.30"]
[SourceQuality "1"]

1. c4 f5 2. d4 Nf6 3. Nf3 e6 4. e3 b6 5. Be2 Bb7 6. 0-0 Be7 7. Nc3 0-0 8. a3 a5 9. b3 Qe8 10. Bb2 Ne4 11. Nxe4 fxe4 12. Nd2 Bg5 13. Qc2 Qg6 14. Qc3 Qh6 15. Rae1 Na6 16. Bd1 c5 17. Bc1 Bh4 18. Re2 Qg6 19. Bc2 Qg4 20. Bd1 cxd4 21. exd4 Rf3 22. Re3 Bxf2+ 23. Rxf2 Rxe3 24. Qxe3 Qxd1+ 25. Rf1 Qg4 26. h3 Qg6 27. Rf4 d5 28. Bb2 Rf8 29. c5 b5 30. Rxf8+ Kxf8 31. Qf4+ Ke8 32. Qd6 Bc8 33. Qc6+ Kd8 34. Qxb5 e3 35. Qxa5+ Nc7 36. Nf3 Qb1+ 37. Qe1 Qxb2 38. Qxe3 Qb1+ 39. Kh2 Qf5 40. b4 Bd7 41. Ne5 Be8 42. c6 Nb5 43. a4 Nd6 44. b5 Kc7 45. Qc3 Qf4+ 46. Kg1 Qf2+ 47. Kh2 Qf4+ 48. Kg1 Qf2+ 49. Kh2 Qf4+ 1/2-1/2

[Event "Helsingor Kronborg Master-1"]
[Site "Helsingor"]
[Date "2022.05.26"]
[Round "1"]
[White "Andersen, Soren Mikkel"]
[Black "Lilja, Richard"]
[Result "0-1"]
[WhiteElo "2149"]
[BlackElo "2144"]
[PlyCount "78"]
[EventDate "2022.05.26"]
[EventType "tourn"]
[EventRounds "7"]
[EventCountry "DEN"]
[SourceTitle "CBM 208 Extra"]
[Source "ChessBase"]
[SourceDate "2022.07.31"]
[SourceVersion "1"]
[SourceVersionDate "2022.07.31"]
[SourceQuality "1"]

1. d4 g6 2. c4 Bg7 3. Nc3 Nf6 4. e4 d6 5. Nf3 0-0 6. Be2 Na6 7. 0-0 e5 8. Be3 Ng4 9. Bg5 Qe8 10. c5 exd4 11. Nxd4 dxc5 12. Nb3 Bxc3 13. bxc3 Qxe4 14. Bxa6 Qe5 15. f4 Qe3+ 16. Kh1 bxa6 17. Qe1 Bb7 18. Be7 Rfe8 19. Bxc5 Qh3 20. Qg3 Qxg3 21. hxg3 Re2 22. Rg1 Rd8 23. Bd4 Rd5 24. Be5 Nxe5 25. fxe5 Rdxe5 26. g4 R5e3 27. Kh2 Rxc3 28. Nd4 Rd2 29. Nb3 Rf2 30. Rac1 Rxc1 31. Nxc1 Bd5 32. Kg3 Rd2 33. g5 Kg7 34. Kf4 Rxg2 35. Re1 Bxa2 36. Re7 Be6 37. Rxc7 Rg4+ 38. Ke5 Rxg5+ 39. Kd6 h5 0-1

[Event "Copenhagen Obro New Year op"]
[Site "Copenhagen"]
[Date "2019.12.30"]
[Round "7"]
[White "Lilja, Richard"]
[Black "Thuesen, Mogens Henrik"]
[Result "1/2-1/2"]
[WhiteElo "2119"]
[BlackElo "2204"]
[PlyCount "83"]
[EventDate "2019.12.27"]
[EventType "swiss"]
[EventRounds "7"]
[EventCountry "DEN"]
[SourceTitle "CBM 194 Extra"]
[Source "ChessBase"]
[SourceDate "2020.03.31"]
[SourceVersion "1"]
[SourceVersionDate "2020.03.31"]
[SourceQuality "1"]

1. e4 e6 2. d3 d5 3. Nd2 Nf6 4. Ngf3 Nc6 5. g3 dxe4 6. dxe4 e5 7. Bb5 Bc5 8. Qe2 Ng4 9. 0-0 0-0 10. Bxc6 bxc6 11. b3 Qe7 12. Kg2 a5 13. a4 Ba6 14. Nc4 Nf6 15. Bb2 Nd7 16. Rfd1 f6 17. Qd2 Bxc4 18. Qxd7 Be6 19. Qxc6 Rfd8 20. Bc3 Bb6 21. Rd2 Bd7 22. Qd5+ Be6 23. Qc6 Bd7 24. Qc4+ Be6 25. Rxd8+ Rxd8 26. Qb5 Qf7 27. Bxa5 Qh5 28. Ne1 Bh3+ 29. Kg1 Bxa5 30. Qxa5 Qe2 31. Ng2 Qxc2 32. Qe1 Qxb3 33. a5 Bc8 34. a6 Bxa6 35. Ne3 Bd3 36. Rd1 Rb8 37. Qa5 c6 38. Qc7 Bxe4 39. Rd8+ Rxd8 40. Qxd8+ Kf7 41. Qd7+ Kf8 42. Qd8+ 1/2-1/2

[Event "Copenhagen-chB"]
[Site "Copenhagen"]
[Date "2019.12.07"]
[Round "2"]
[White "Gregor, Bjarke"]
[Black "Lilja, Richard"]
[Result "1/2-1/2"]
[WhiteElo "2080"]
[BlackElo "2119"]
[PlyCount "116"]
[EventDate "2019.12.06"]
[EventType "tourn"]
[EventRounds "5"]
[EventCountry "DEN"]
[SourceTitle "EXT 2021"]
[Source "ChessBase"]
[SourceDate "2020.10.23"]
[SourceVersion "1"]
[SourceVersionDate "2020.10.23"]
[SourceQuality "1"]

1. e4 c5 2. Nf3 g6 3. d4 cxd4 4. Nxd4 Nc6 5. Nc3 Bg7 6. Be3 Nf6 7. Bc4 Qa5 8. 0-0 Qb4 9. Bb3 Nxe4 10. Nxe4 Nxd4 11. Bxf7+ Kxf7 12. Ng5+ Ke8 13. c3 Qxb2 14. Bxd4 Bxd4 15. Qxd4 Rg8 16. Nxh7 Qb6 17. Qc4 Rg7 18. Ng5 Qc6 19. Qh4 Qf6 20. Rfe1 d6 21. Qg3 Bf5 22. Rad1 Rd8 23. f4 Rc8 24. Qf3 Qxc3 25. Qxb7 Qc5+ 26. Kh1 Qb6 27. Qxb6 axb6 28. Rxd6 b5 29. h3 Rc4 30. Rb6 Rxf4 31. Rxb5 Ra4 32. g4 Bc2 33. Ne6 Rg8 34. Rb8+ Kf7 35. Ng5+ Kf6 36. Rxg8 Kxg5 37. Rxe7 Rxa2 38. Re2 Kf4 39. Kg2 Be4+ 40. Kf2 Ra4 41. Rf8+ Kg5 42. Re8 Bd3 43. R2e5+ Kf4 44. Rd5 Ra2+ 45. Ke1 Bb1 46. Rd2 Ra3 47. Rd4+ Kg3 48. Kd2 Kxh3 49. Re3+ Rxe3 50. Kxe3 Kg3 51. Rb4 Ba2 52. Ra4 Bb3 53. Rb4 Bd1 54. Rb1 Bxg4 55. Rg1+ Kh4 56. Kf2 g5 57. Kg2 Be6 58. Kh2 Bd5 1/2-1/2

[Event "Koge Weekend Mester"]
[Site "Koge"]
[Date "2019.05.04"]
[Round "3"]
[White "Lilja, Richard"]
[Black "Stojanovski, Sandi"]
[Result "0-1"]
[WhiteElo "2103"]
[BlackElo "2186"]
[PlyCount "74"]
[EventDate "2019.05.03"]
[EventType "swiss"]
[EventRounds "5"]
[EventCountry "DEN"]
[SourceTitle "EXT 2020"]
[Source "ChessBase"]
[SourceDate "2019.10.17"]
[SourceVersion "1"]
[SourceVersionDate "2019.10.17"]
[SourceQuality "1"]

1. e4 d6 2. d4 Nf6 3. Nc3 g6 4. h4 c6 5. Be2 h5 6. Bg5 Bg7 7. Qd2 b5 8. f3 Qc7 9. Nh3 Bxh3 10. Rxh3 Nbd7 11. Nd1 Rb8 12. Nf2 c5 13. d5 b4 14. c3 bxc3 15. bxc3 Qa5 16. Rc1 Qa3 17. Nd1 0-0 18. Bd3 Ne5 19. Be2 Rb7 20. Rc2 Rfb8 21. Bxf6 Bxf6 22. g4 hxg4 23. fxg4 Qa4 24. g5 Bg7 25. c4 Rb1 26. Kf2 Qb4 27. Qf4 a5 28. h5 a4 29. h6 Bh8 30. h7+ Kf8 31. Qh4 a3 32. Rcc3 Rb2 33. Qh6+ Ke8 34. Qh4 Rxa2 35. Rb3 Qxb3 36. Rxb3 Rxb3 37. Qf4 Nd3+ 0-1

[Event "DEN-ch cand"]
[Site "Svendborg"]
[Date "2019.04.19"]
[Round "4"]
[White "Christensen, Tobias"]
[Black "Lilja, Richard"]
[Result "1-0"]
[WhiteElo "2348"]
[BlackElo "2065"]
[PlyCount "75"]
[EventDate "2019.04.16"]
[EventType "swiss"]
[EventRounds "7"]
[EventCountry "DEN"]
[SourceTitle "EXT 2020"]
[Source "ChessBase"]
[SourceDate "2019.10.17"]
[SourceVersion "1"]
[SourceVersionDate "2019.10.17"]
[SourceQuality "1"]

1. e4 c5 2. Nf3 g6 3. c3 Bg7 4. d4 cxd4 5. cxd4 d5 6. exd5 Nf6 7. Bc4 0-0 8. Nc3 Nbd7 9. 0-0 Nb6 10. Bb3 Nbxd5 11. Be3 Bg4 12. h3 Bxf3 13. Qxf3 e6 14. Bg5 Qa5 15. Bxf6 Nxf6 16. Qxb7 Rad8 17. Rfd1 Rd7 18. Qb5 Qxb5 19. Nxb5 Rfd8 20. Rac1 Nd5 21. Kf1 a6 22. Nc3 Nf4 23. g3 Nxh3 24. Kg2 Nxf2 25. Kxf2 Bxd4+ 26. Kf3 Kg7 27. Rc2 h5 28. Rcd2 e5 29. Ne2 f5 30. Nxd4 exd4 31. Re1 a5 32. Re5 Kh6 33. Rxa5 Re7 34. Re2 Red7 35. Ra6 d3 36. Ree6 Rg7 37. Rad6 Rdd7 38. Rxg6+ 1-0

[Event "DEN-ch cand"]
[Site "Svendborg"]
[Date "2019.04.17"]
[Round "2"]
[White "Hoyer, Jacob"]
[Black "Lilja, Richard"]
[Result "1-0"]
[WhiteElo "2201"]
[BlackElo "2065"]
[PlyCount "85"]
[EventDate "2019.04.16"]
[EventType "swiss"]
[EventRounds "7"]
[EventCountry "DEN"]
[SourceTitle "EXT 2020"]
[Source "ChessBase"]
[SourceDate "2019.10.17"]
[SourceVersion "1"]
[SourceVersionDate "2019.10.17"]
[SourceQuality "1"]

1. d4 Nf6 2. c4 g6 3. Nc3 Bg7 4. e4 d6 5. h3 0-0 6. Nf3 c5 7. d5 e5 8. g4 Na6 9. Be3 Qa5 10. Qd2 Bd7 11. Be2 Kh8 12. 0-0-0 Nxe4 13. Nxe4 Qxa2 14. Qd3 f5 15. gxf5 gxf5 16. Nc3 Qa5 17. Ne1 f4 18. Bd2 Bf5 19. Ne4 Qa1+ 20. Kc2 Qa4+ 21. Kb1 b5 22. f3 Nb4 23. Qa3 Rab8 24. Qxa4 bxa4 25. Nc2 Bxe4 26. fxe4 f3 27. Bf1 Nxc2 28. Kxc2 Rb3 29. Ra1 Rfb8 30. Bc3 Bh6 31. Rxa4 Be3 32. Bd3 Bd4 33. Bxd4 cxd4 34. Ra2 R3b7 35. Rf1 Rf8 36. Rf2 Rg7 37. Bf1 h5 38. Ra6 Rd7 39. b4 h4 40. Ra3 Rdf7 41. c5 Rf4 42. cxd6 Rxe4 43. Raxf3 1-0

[Event "DEN-ch cand"]
[Site "Svendborg"]
[Date "2019.04.16"]
[Round "1"]
[White "Lilja, Richard"]
[Black "Moe, Mogens"]
[Result "1-0"]
[WhiteElo "2065"]
[BlackElo "2140"]
[PlyCount "55"]
[EventDate "2019.04.16"]
[EventType "swiss"]
[EventRounds "7"]
[EventCountry "DEN"]
[SourceTitle "EXT 2020"]
[Source "ChessBase"]
[SourceDate "2019.10.17"]
[SourceVersion "1"]
[SourceVersionDate "2019.10.17"]
[SourceQuality "1"]

1. e4 c5 2. Nc3 Nc6 3. Bb5 Nd4 4. Bc4 e6 5. Nf3 Ne7 6. Nxd4 cxd4 7. Ne2 Nc6 8. 0-0 Qb6 9. d3 Bc5 10. a3 a5 11. Ng3 g6 12. Kh1 h5 13. f4 h4 14. Ne2 d6 15. f5 gxf5 16. exf5 d5 17. Ba2 Bd7 18. fxe6 fxe6 19. Bg5 Be7 20. Bxe7 Nxe7 21. Nf4 0-0-0 22. c3 Qxb2 23. cxd4 Qxd4 24. Qe1 Rdf8 25. Rc1+ Nc6 26. Ng6 Rxf1+ 27. Qxf1 Rg8 28. Ne7+ 1-0

[Event "DEN-ch Seniors 50+"]
[Site "Odder"]
[Date "2019.02.11"]
[Round "1"]
[White "Rosenberg, Jan"]
[Black "Lilja, Richard"]
[Result "0-1"]
[WhiteElo "1857"]
[BlackElo "2138"]
[PlyCount "56"]
[EventDate "2019.02.11"]
[EventType "swiss"]
[EventRounds "7"]
[EventCountry "DEN"]
[SourceTitle "CBM 189 Extra"]
[Source "ChessBase"]
[SourceDate "2019.06.03"]
[SourceVersion "1"]
[SourceVersionDate "2019.06.03"]
[SourceQuality "1"]

1. d4 Nf6 2. Nf3 g6 3. c3 Bg7 4. Bf4 0-0 5. Nbd2 Nh5 6. Bg5 h6 7. Bh4 d6 8. e3 Qe8 9. Qb3 a5 10. h3 a4 11. Qa3 f5 12. Bc4+ Kh8 13. 0-0-0 b5 14. Be2 Ba6 15. Rde1 g5 16. g4 Nf6 17. Bg3 fxg4 18. hxg4 Qc6 19. Qb4 Nd5 20. Qa5 b4 21. c4 Bxc4 22. Qxa8 Qxa8 23. Bxc4 Nb6 24. Nxg5 Nxc4 25. Nxc4 Qc6 26. b3 d5 27. Kb1 dxc4 28. bxc4 Qg6+ 0-1

[Event "Aalborg Larsen Memorial"]
[Site "Aalborg"]
[Date "2018.10.14"]
[Round "2"]
[White "Lilja, Richard"]
[Black "Rooze, Jan"]
[Result "0-1"]
[WhiteElo "2102"]
[BlackElo "2313"]
[PlyCount "82"]
[EventDate "2018.10.13"]
[EventType "swiss"]
[EventRounds "7"]
[EventCountry "DEN"]
[SourceTitle "CBM 186 Extra"]
[Source "ChessBase"]
[SourceDate "2018.08.24"]
[SourceVersion "1"]
[SourceVersionDate "2018.08.24"]
[SourceQuality "1"]

1. e4 c5 2. Nc3 Nc6 3. Bb5 Nd4 4. Bc4 a6 5. Nf3 e6 6. d3 b5 7. Bb3 Nxb3 8. axb3 Bb7 9. 0-0 Nf6 10. Bg5 h6 11. Bh4 d6 12. Nd2 Be7 13. Bg3 0-0 14. f4 Nd7 15. Nf3 b4 16. Nb1 d5 17. Nbd2 Nf6 18. e5 Nh5 19. Qe2 Qb6 20. Rae1 Nxg3 21. hxg3 c4+ 22. d4 cxb3 23. Nxb3 a5 24. Nc1 Ba6 25. Nd3 b3 26. cxb3 Qxb3 27. Rd1 Rfc8 28. g4 Rc2 29. Qe3 Bxd3 30. Rxd3 Qxb2 31. Ne1 Re2 32. Qf3 Bb4 33. Qg3 Rc8 34. f5 Bxe1 35. Rxe1 Rxe1+ 36. Qxe1 Rc1 37. Rd1 Qxd4+ 38. Rxd4 Rxe1+ 39. Kh2 Re4 40. Rd3 Rxg4 41. f6 gxf6 0-1